000 00277nam a2200109Ia 4500
005 20251222154336.0
008 251222s9999||||xx |||||||||||||| ||spa||
082 _a868.9/J24
100 _a"Jardielo Poncela, Enrique"
245 0 _aEloisa esta debajo de un almendro
942 _cLIB
999 _c34331
_d34331